| 000 | 01091nam a22002657a 4500 | ||
|---|---|---|---|
| 999 |
_c63837 _d63837 |
||
| 005 | 20240530110701.0 | ||
| 008 | 180110s2015 ua | b 000 0dara d | ||
| 017 |
_a2014/13037 _bمصر. دار الكتب |
||
| 020 | _a9789774384633 | ||
| 040 |
_aEG-CaGPL _cEG-CaGPL |
||
| 082 | 0 | 4 |
_221 _a369.4 / _bع ح |
| 100 | 0 | _aعبدالسلام الحسينى الكاشف | |
| 245 | 1 | 2 |
_aالحركة الكشفية : _b( النشأة - المفاهيم - ومجالاتها التربوية والتدريبية ) : دراسة تحليلية / _cعبدالسلام الحسينى الكاشف |
| 250 | _aط. 1 | ||
| 260 |
_aالقاهرة : _bالمكتب الجامعى الحديث ، _c2015. |
||
| 300 |
_a180 ص. ؛ _c24 سم. |
||
| 504 | _aيشتمل على ارجاعات ببليوجرافية | ||
| 650 | 0 | 7 |
_2qrmak _aالكشافة |
| 650 | 0 | 7 |
_2qrmak _aالكشاف |
| 650 | 0 | 7 |
_2qrmak _aالتعليم _xاغراضة واهدافة |
| 650 | 0 | 7 |
_2qrmak _aعلم النفس التربوى |
| 651 | _2qrmak | ||
| 942 |
_2ddc _cBK |
||